00000000nam 2200000zi 4500
0019.932069
003CaOODSP
00520241120150544
006m     o  d f      
007cr |n|||||||||
008231229e198401##qucdb   ob   f|0| 0 fre d
040 |aCaOODSP|bfre|erda|cCaOODSP
043 |an-cn-qu
0861 |aCW66-1503/1984F-PDF
1001 |aRosa, Jacques, |eauteur.
24510|aÉvaluation de techniques d'effarouchement sur les goélands dans les bleuetières de Pont-Rouge / |cpar Jacques Rosa.
264 1|a[Sainte-Foy, Québec] : |bEnvironnement Canada, Service canadien de la faune, |cjanvier 1984.
300 |a1 ressource en ligne (14 pages) : |bcarte, graphique
336 |atexte|btxt|2rdacontent/fre
337 |ainformatique|bc|2rdamedia/fre
338 |aressource en ligne|bcr|2rdacarrier/fre
500 |aÉdition numérisée de l’imprimé [par Environnement et changement climatique Canada].
504 |aComprend des références bibliographiques (page 14).
650 6|aOiseaux nuisibles|xLutte contre|zQuébec (Province)
650 6|aGoélands|zQuébec (Province)
650 0|aBird pests|xControl|zQuébec (Province)
650 0|aGulls|zQuébec (Province)
7101 |aCanada. |bEnvironnement Canada, |eorganisme de publication.
7102 |aService canadien de la faune, |eorganisme de publication.
85640|qPDF|s397 Ko|uhttps://publications.gc.ca/collections/collection_2024/eccc/cw66/CW66-1503-1984-fra.pdf